Air New Zealand Destination Countries - Statistics

General Stats
  • This quiz has been taken 446 times
  • The average score is 12 of 17
Answer Stats
Country % Correct
Australia
99%
United States
97%
China
93%
Japan
93%
Fiji
87%
Canada
84%
United Kingdom
83%
Singapore
82%
Indonesia
78%
Samoa
72%
Tonga
64%
France
63%
Vanuatu
59%
Argentina
53%
New Zealand
48%
Cook Islands
28%
Niue
25%
No matching quizzes found
Score Distribution
Percent of People with Each Score
Percentile by Number Answered
Your Score History
You have not taken this quiz